000 00476cam a2200193ua 4500
020 _c35.00
041 _aeng
_h
082 _a028.71589
_bNIT/HA
100 _aNita bhal, .
245 _aHand book on mushrooms /
_cNita bhal.
_hTextual Documents
250 _a1 /
_b.
260 _aNew Delhi :
_bOxford & IBH Publishing company ,
_c1984.
300 _a124 ; .
365 _a35.00
504 _a
942 _cBK
999 _c5414
_d5414